<?xml version="1.0" encoding="UTF-8"?><marc:collection xmlns:marc="http://www.loc.gov/MARC21/slim">
  <marc:record>
    <marc:leader>02773nas a2200493 c 4500</marc:leader>
    <marc:controlfield tag="001">010039074</marc:controlfield>
    <marc:controlfield tag="003">DE-101</marc:controlfield>
    <marc:controlfield tag="005">20250602111350.0</marc:controlfield>
    <marc:controlfield tag="007">tu</marc:controlfield>
    <marc:controlfield tag="008">991118d19561978gw u||p|  ||| 0||||1ger c</marc:controlfield>
    <marc:datafield tag="016" ind1="7" ind2=" ">
      <marc:subfield code="2">DE-600</marc:subfield>
      <marc:subfield code="a">2711-X</marc:subfield>
    </marc:datafield>
    <marc:datafield tag="016" ind1="7" ind2=" ">
      <marc:subfield code="2">DE-101</marc:subfield>
      <marc:subfield code="a">010039074</marc:subfield>
    </marc:datafield>
    <marc:datafield tag="035" ind1=" " ind2=" ">
      <marc:subfield code="a">(DE-599)ZDB2711-X</marc:subfield>
    </marc:datafield>
    <marc:datafield tag="035" ind1=" " ind2=" ">
      <marc:subfield code="a">(OCoLC)183282961</marc:subfield>
    </marc:datafield>
    <marc:datafield tag="040" ind1=" " ind2=" ">
      <marc:subfield code="a">9001</marc:subfield>
      <marc:subfield code="b">ger</marc:subfield>
      <marc:subfield code="c">DE-101</marc:subfield>
      <marc:subfield code="d">0020</marc:subfield>
    </marc:datafield>
    <marc:datafield tag="041" ind1=" " ind2=" ">
      <marc:subfield code="a">ger</marc:subfield>
    </marc:datafield>
    <marc:datafield tag="042" ind1=" " ind2=" ">
      <marc:subfield code="a">zdb</marc:subfield>
    </marc:datafield>
    <marc:datafield tag="044" ind1=" " ind2=" ">
      <marc:subfield code="c">XA-DE</marc:subfield>
    </marc:datafield>
    <marc:datafield tag="082" ind1="7" ind2="4">
      <marc:subfield code="a">370</marc:subfield>
      <marc:subfield code="q">DE-600</marc:subfield>
      <marc:subfield code="2">22sdnb</marc:subfield>
    </marc:datafield>
    <marc:datafield tag="084" ind1=" " ind2=" ">
      <marc:subfield code="a">AL 40800</marc:subfield>
      <marc:subfield code="2">rvk</marc:subfield>
    </marc:datafield>
    <marc:datafield tag="084" ind1=" " ind2=" ">
      <marc:subfield code="a">Do 020</marc:subfield>
      <marc:subfield code="2">ifzs</marc:subfield>
    </marc:datafield>
    <marc:datafield tag="110" ind1="2" ind2=" ">
      <marc:subfield code="0">(DE-588)2008061-X</marc:subfield>
      <marc:subfield code="0">https://d-nb.info/gnd/2008061-X</marc:subfield>
      <marc:subfield code="0">(DE-101)004678834</marc:subfield>
      <marc:subfield code="a">Deutscher Akademischer Austauschdienst</marc:subfield>
      <marc:subfield code="e">Verfasser</marc:subfield>
      <marc:subfield code="4">aut</marc:subfield>
      <marc:subfield code="2">gnd</marc:subfield>
    </marc:datafield>
    <marc:datafield tag="245" ind1="1" ind2="0">
      <marc:subfield code="a">Jahresbericht / Deutscher Akademischer Austauschdienst, DAAD</marc:subfield>
    </marc:datafield>
    <marc:datafield tag="247" ind1="0" ind2="0">
      <marc:subfield code="a">Jahresbericht des Deutschen Akademischen Austauschdienstes über seine Tätigkeit ...</marc:subfield>
      <marc:subfield code="f">Hauptsacht. früher</marc:subfield>
    </marc:datafield>
    <marc:datafield tag="247" ind1="0" ind2="0">
      <marc:subfield code="a">Tätigkeitsbericht</marc:subfield>
      <marc:subfield code="f">Nebent. bis 1955/56</marc:subfield>
    </marc:datafield>
    <marc:datafield tag="264" ind1="3" ind2="1">
      <marc:subfield code="a">Bonn</marc:subfield>
      <marc:subfield code="b">DAAD</marc:subfield>
      <marc:subfield code="c">1956-1978</marc:subfield>
    </marc:datafield>
    <marc:datafield tag="336" ind1=" " ind2=" ">
      <marc:subfield code="a">Text</marc:subfield>
      <marc:subfield code="b">txt</marc:subfield>
      <marc:subfield code="2">rdacontent</marc:subfield>
    </marc:datafield>
    <marc:datafield tag="337" ind1=" " ind2=" ">
      <marc:subfield code="a">ohne Hilfsmittel zu benutzen</marc:subfield>
      <marc:subfield code="b">n</marc:subfield>
      <marc:subfield code="2">rdamedia</marc:subfield>
    </marc:datafield>
    <marc:datafield tag="338" ind1=" " ind2=" ">
      <marc:subfield code="a">Band</marc:subfield>
      <marc:subfield code="b">nc</marc:subfield>
      <marc:subfield code="2">rdacarrier</marc:subfield>
    </marc:datafield>
    <marc:datafield tag="362" ind1="0" ind2=" ">
      <marc:subfield code="a">1954/55(1956) - 1977(1978)</marc:subfield>
    </marc:datafield>
    <marc:datafield tag="363" ind1="0" ind2="0">
      <marc:subfield code="8">1.1\x</marc:subfield>
      <marc:subfield code="i">1954/55</marc:subfield>
    </marc:datafield>
    <marc:datafield tag="363" ind1="1" ind2="0">
      <marc:subfield code="8">1.2\x</marc:subfield>
      <marc:subfield code="i">1977</marc:subfield>
    </marc:datafield>
    <marc:datafield tag="583" ind1="1" ind2=" ">
      <marc:subfield code="a">Archivierung/Langzeitarchivierung gewährleistet</marc:subfield>
      <marc:subfield code="c">2020</marc:subfield>
      <marc:subfield code="f">PENW</marc:subfield>
      <marc:subfield code="5">DE-5</marc:subfield>
      <marc:subfield code="2">pdager</marc:subfield>
    </marc:datafield>
    <marc:datafield tag="591" ind1=" " ind2=" ">
      <marc:subfield code="a">93!</marc:subfield>
    </marc:datafield>
    <marc:datafield tag="610" ind1="2" ind2="7">
      <marc:subfield code="0">(DE-588)2008061-X</marc:subfield>
      <marc:subfield code="0">https://d-nb.info/gnd/2008061-X</marc:subfield>
      <marc:subfield code="0">(DE-101)004678834</marc:subfield>
      <marc:subfield code="a">Deutscher Akademischer Austauschdienst</marc:subfield>
      <marc:subfield code="9">rswk-swf</marc:subfield>
      <marc:subfield code="2">gnd</marc:subfield>
    </marc:datafield>
    <marc:datafield tag="655" ind1=" " ind2="7">
      <marc:subfield code="0">(DE-588)4067488-5</marc:subfield>
      <marc:subfield code="0">https://d-nb.info/gnd/4067488-5</marc:subfield>
      <marc:subfield code="0">(DE-101)040674886</marc:subfield>
      <marc:subfield code="a">Zeitschrift</marc:subfield>
      <marc:subfield code="2">gnd-content</marc:subfield>
    </marc:datafield>
    <marc:datafield tag="655" ind1=" " ind2="7">
      <marc:subfield code="0">(DE-588)4128022-2</marc:subfield>
      <marc:subfield code="0">https://d-nb.info/gnd/4128022-2</marc:subfield>
      <marc:subfield code="0">(DE-101)041280229</marc:subfield>
      <marc:subfield code="a">Bericht</marc:subfield>
      <marc:subfield code="2">gnd-content</marc:subfield>
    </marc:datafield>
    <marc:datafield tag="689" ind1="0" ind2="0">
      <marc:subfield code="0">(DE-588)2008061-X</marc:subfield>
      <marc:subfield code="0">https://d-nb.info/gnd/2008061-X</marc:subfield>
      <marc:subfield code="0">(DE-101)004678834</marc:subfield>
      <marc:subfield code="D">b</marc:subfield>
      <marc:subfield code="a">Deutscher Akademischer Austauschdienst</marc:subfield>
    </marc:datafield>
    <marc:datafield tag="689" ind1="0" ind2=" ">
      <marc:subfield code="5">DE-600</marc:subfield>
      <marc:subfield code="5">DE-600</marc:subfield>
    </marc:datafield>
    <marc:datafield tag="780" ind1="0" ind2="0">
      <marc:subfield code="i">Darin aufgeg.</marc:subfield>
      <marc:subfield code="a">Vermittlungsstelle für Deutsche Wissenschaftler im Ausland &lt;Godesberg&gt;</marc:subfield>
      <marc:subfield code="t">Tätigkeitsbericht / Vermittlungsstelle für Deutsche Wissenschaftler im Ausland</marc:subfield>
      <marc:subfield code="d">Bad Godesberg : Zimnoch, 1965-1965</marc:subfield>
      <marc:subfield code="w">(DE-600)204138-8</marc:subfield>
      <marc:subfield code="w">(DE-101)011167645</marc:subfield>
    </marc:datafield>
    <marc:datafield tag="780" ind1="0" ind2="0">
      <marc:subfield code="i">Vorg.:</marc:subfield>
      <marc:subfield code="a">Deutscher Akademischer Austauschdienst</marc:subfield>
      <marc:subfield code="t">Bericht / Deutscher Akademischer Austauschdienst e.V</marc:subfield>
      <marc:subfield code="d">Berlin : [Verlag nicht ermittelbar], 1935-1936</marc:subfield>
      <marc:subfield code="w">(DE-600)910068-4</marc:subfield>
      <marc:subfield code="w">(DE-101)014982900</marc:subfield>
    </marc:datafield>
    <marc:datafield tag="785" ind1="0" ind2="0">
      <marc:subfield code="i">Forts.:</marc:subfield>
      <marc:subfield code="a">Deutscher Akademischer Austauschdienst</marc:subfield>
      <marc:subfield code="t">Jahresbericht / Rechenschaftsbericht. Rechenschaftsbericht zum Jahresbericht / Deutscher Akademischer Austauschdienst</marc:subfield>
      <marc:subfield code="d">Bonn : DAAD, 1978-</marc:subfield>
      <marc:subfield code="w">(DE-600)165504-8</marc:subfield>
      <marc:subfield code="w">(DE-101)010986022</marc:subfield>
    </marc:datafield>
    <marc:datafield tag="785" ind1="0" ind2="0">
      <marc:subfield code="i">Forts.:</marc:subfield>
      <marc:subfield code="a">Deutscher Akademischer Austauschdienst</marc:subfield>
      <marc:subfield code="t">Jahresbericht / Tätigkeitsbericht. Tätigkeitsbericht / Deutscher Akademischer Austauschdienst, DAAD</marc:subfield>
      <marc:subfield code="d">Bonn : DAAD, 1979-1990</marc:subfield>
      <marc:subfield code="x">1432-1548</marc:subfield>
      <marc:subfield code="w">(DE-600)165505-X</marc:subfield>
      <marc:subfield code="w">(DE-101)010986030</marc:subfield>
    </marc:datafield>
    <marc:datafield tag="850" ind1=" " ind2=" ">
      <marc:subfield code="a">DE-101a</marc:subfield>
      <marc:subfield code="a">DE-101b</marc:subfield>
    </marc:datafield>
  </marc:record>
</marc:collection>
